[Event "Tradewise Gibraltar Masters 14th"]
[Site "Gibraltar"]
[Date "2016.01.30"]
[Round "5.39"]
[White "Tan, Zhongyi"]
[Black "Shvayger, Yuliya"]
[Result "1-0"]
[WhiteElo "2504"]
[BlackElo "2381"]
[PlyCount "85"]
[EventDate "2016.01.26"]
[EventType "swiss"]
[EventRounds "10"]
[EventCountry "GGB"]
[Source "www.saund.co.uk"]
[SourceDate "2005.02.07"]

1. c4 Nf6 2. Nc3 g6 3. e4 d6 4. d4 Bg7 5. Be2 O-O 6. Nf3 e5 7. d5 a5 8. Bg5 Qe8
9. Nd2 Na6 10. a3 c5 11. dxc6 bxc6 12. b4 axb4 13. axb4 Bb7 14. Rb1 c5 15. b5
Nb4 16. O-O Nd7 17. Nd5 Nxd5 18. cxd5 Nb6 19. Ra1 h6 20. Be3 f5 21. f3 f4 22.
Bf2 Qd7 23. Qc2 Qc7 24. Nb3 Kh7 25. Rfb1 Rfb8 26. Na5 Rxa5 27. Rxa5 Nxd5 28.
Ra7 Nb6 29. Qa2 Bf6 30. Be1 Qg7 31. Qe6 Nc8 32. Raa1 Bd8 33. Ba5 Bxa5 34. Rxa5
Qc7 35. Bc4 Nb6 36. Ra7 Kg7 37. Rd1 Nxc4 38. Qxc4 Qb6 39. Rda1 Kf6 40. R1a6 Qd8
41. h4 Qf8 42. Rb6 Bd5 43. Qxc5 1-0

[Event "Tradewise Gibraltar Masters 14th"]
[Site "Gibraltar"]
[Date "2016.01.30"]
[Round "5.40"]
[White "Khotenashvili, Bela"]
[Black "Bellon Lopez, Juan Manuel"]
[Result "1/2-1/2"]
[WhiteElo "2502"]
[BlackElo "2376"]
[PlyCount "97"]
[EventDate "2016.01.26"]
[EventType "swiss"]
[EventRounds "10"]
[EventCountry "GGB"]
[Source "www.saund.co.uk"]
[SourceDate "2005.02.07"]

1. d4 Nf6 2. c4 c6 3. Nf3 d5 4. e3 a6 5. Bd3 g6 6. h3 Bg7 7. O-O O-O 8. Nbd2
Bf5 9. Bxf5 gxf5 10. Qb3 b5 11. cxb5 axb5 12. Qc2 Ne4 13. Ne5 Bxe5 14. dxe5 Qc7
15. f4 Na6 16. Nf3 Nb4 17. Qb3 Ra4 18. a3 c5 19. Bd2 c4 20. Qd1 Nd3 21. Qc2
Rfa8 22. Rab1 Qd7 23. Kh2 R4a6 24. Nd4 Rg6 25. Bc3 Raa6 26. Rbd1 e6 27. Rxd3
cxd3 28. Qxd3 Rb6 29. Bb4 h6 30. Rc1 Kh7 31. Qc2 Rb7 32. Qe2 Rg8 33. Qc2 Rg3
34. Qe2 Rg6 35. Qc2 Qe8 36. Qe2 Qg8 37. Rc2 Qe8 38. Rc6 Rb8 39. Be1 Rg7 40. Qc2
Rb7 41. Qe2 Qd7 42. Qc2 Rg8 43. Bh4 Rg6 44. Be1 Rg8 45. Bh4 Rg6 46. Be1 Rg8 47.
Bh4 Kg6 48. Be1 Rf8 49. Bh4 1/2-1/2

[Event "Tradewise Gibraltar Masters 14th"]
[Site "Gibraltar"]
[Date "2016.01.30"]
[Round "5.41"]
[White "Zhukova, Natalia"]
[Black "Wemmers, Xander"]
[Result "1-0"]
[WhiteElo "2484"]
[BlackElo "2352"]
[PlyCount "67"]
[EventDate "2016.01.26"]
[EventType "swiss"]
[EventRounds "10"]
[EventCountry "GGB"]
[Source "www.saund.co.uk"]
[SourceDate "2005.02.07"]

1. c4 e5 2. Nc3 Nf6 3. Nf3 Nc6 4. g3 Bb4 5. Bg2 O-O 6. O-O Re8 7. Nd5 Bf8 8. b3
Nxd5 9. cxd5 Nd4 10. Nxd4 exd4 11. Bb2 c5 12. e3 g6 13. Qc1 d6 14. exd4 cxd4
15. Bxd4 Bf5 16. Re1 Qa5 17. Qc3 Qb5 18. Qf3 Bh6 19. Bf1 Qb4 20. Bc3 Qg4 21.
Qxg4 Bxg4 22. Kg2 a6 23. a4 Rac8 24. Bd3 Bg7 25. Rxe8+ Rxe8 26. Bxg7 Kxg7 27.
Rc1 Re5 28. Rc7 Rxd5 29. Bc4 Rf5 30. f4 b5 31. Be6 Rxf4 32. gxf4 Bxe6 33. a5
Bxb3 34. Ra7 1-0

[Event "Tradewise Gibraltar Masters 14th"]
[Site "Gibraltar"]
[Date "2016.01.30"]
[Round "5.42"]
[White "Cordes, Hans-Joerg"]
[Black "Nakar, Eylon"]
[Result "0-1"]
[WhiteElo "2257"]
[BlackElo "2479"]
[PlyCount "52"]
[EventDate "2016.01.26"]
[EventType "swiss"]
[EventRounds "10"]
[EventCountry "GGB"]
[Source "www.saund.co.uk"]
[SourceDate "2005.02.07"]

1. d4 Nf6 2. c4 e6 3. Nc3 Bb4 4. Qc2 b6 5. e4 c5 6. d5 Qe7 7. Nge2 exd5 8. exd5
O-O 9. Bd2 d6 10. f3 Ba6 11. O-O-O Bxc4 12. Ng3 Bxf1 13. Rhxf1 Qd8 14. Nf5 c4
15. Bg5 Nbd7 16. Ne4 b5 17. Rd4 Re8 18. Neg3 Qa5 19. Kb1 Bc5 20. Re4 Nxd5 21.
Ne7+ Rxe7 22. Bxe7 Nb4 23. Qc3 Qxa2+ 24. Kc1 Nd3+ 25. Kc2 N7e5 26. Rxe5 b4 0-1

[Event "Tradewise Gibraltar Masters 14th"]
[Site "Gibraltar"]
[Date "2016.01.30"]
[Round "5.43"]
[White "Prasanna, Raghuram Rao"]
[Black "Vojinovic, Jovana"]
[Result "0-1"]
[WhiteElo "2460"]
[BlackElo "2352"]
[PlyCount "48"]
[EventDate "2016.01.26"]
[EventType "swiss"]
[EventRounds "10"]
[EventCountry "GGB"]
[Source "www.saund.co.uk"]
[SourceDate "2005.02.07"]

1. d4 Nf6 2. Bg5 d5 3. e3 Nbd7 4. Nf3 h6 5. Bh4 c6 6. c4 e6 7. Nc3 Bb4 8. Bd3
Qa5 9. Qc2 dxc4 10. Bxc4 Nd5 11. Rc1 Nxc3 12. bxc3 Ba3 13. Rb1 O-O 14. O-O e5
15. Rfd1 exd4 16. cxd4 Nb6 17. Ne5 Bd6 18. Rxb6 axb6 19. Nxf7 Rxf7 20. Qg6
Bxh2+ 21. Kxh2 Qf5 22. Qd6 Bd7 23. g4 Qxg4 24. Qg3 Ra4 0-1

[Event "Tradewise Gibraltar Masters 14th"]
[Site "Gibraltar"]
[Date "2016.01.30"]
[Round "5.44"]
[White "Fiala, Vaclav"]
[Black "Galyas, Miklos"]
[Result "1-0"]
[WhiteElo "2217"]
[BlackElo "2459"]
[PlyCount "87"]
[EventDate "2016.01.26"]
[EventType "swiss"]
[EventRounds "10"]
[EventCountry "GGB"]
[Source "www.saund.co.uk"]
[SourceDate "2005.02.07"]

1. e4 d6 2. d4 Nf6 3. Nc3 g6 4. Nf3 Bg7 5. Be2 O-O 6. O-O e6 7. Bg5 h6 8. Bf4
Nc6 9. h3 a6 10. a4 b6 11. Qd2 Kh7 12. Rfe1 Bb7 13. Rad1 Ne7 14. Bf1 d5 15.
exd5 Nexd5 16. Nxd5 Bxd5 17. Ne5 Bb7 18. c4 c5 19. b4 cxd4 20. Qxd4 Qxd4 21.
Rxd4 Kg8 22. Red1 a5 23. b5 Ne4 24. Rd7 Nc5 25. Rc7 Be4 26. Nd7 Nxa4 27. Nxf8
Rxf8 28. Rd6 g5 29. Bg3 Bc3 30. Ra7 Bb4 31. Rdd7 Nc5 32. Rdc7 Bg6 33. Be5 Nb3
34. Rd7 Nc5 35. Rdc7 Nb3 36. Bf6 Nd2 37. Bd4 Nxf1 38. Kxf1 Rd8 39. Bxb6 Rd1+
40. Ke2 Re1+ 41. Kf3 e5 42. Kg3 e4 43. Rd7 h5 44. Bd4 1-0

[Event "Tradewise Gibraltar Masters 14th"]
[Site "Gibraltar"]
[Date "2016.01.30"]
[Round "5.45"]
[White "Krush, Irina"]
[Black "Pourkashiyan, Atousa"]
[Result "1-0"]
[WhiteElo "2458"]
[BlackElo "2338"]
[PlyCount "115"]
[EventDate "2016.01.26"]
[EventType "swiss"]
[EventRounds "10"]
[EventCountry "GGB"]
[Source "www.saund.co.uk"]
[SourceDate "2005.02.07"]

1. Nf3 Nf6 2. g3 d5 3. Bg2 c6 4. O-O Bg4 5. d3 Nbd7 6. Nbd2 e5 7. h3 Bh5 8. e4
dxe4 9. dxe4 Bc5 10. a4 O-O 11. Qe2 Re8 12. a5 Qc7 13. Nb3 Bf8 14. Bd2 Nc5 15.
Nxc5 Bxc5 16. b4 Bd6 17. c4 Bxf3 18. Bxf3 c5 19. b5 a6 20. Rfb1 b6 21. axb6
Qxb6 22. bxa6 Qc6 23. a7 Re7 24. Bg5 Rexa7 25. Rxa7 Rxa7 26. Bxf6 gxf6 27. Bg4
Ra8 28. Bf5 Bf8 29. Rd1 h6 30. Rd7 Bg7 31. Kg2 Rb8 32. Qd1 Ra8 33. Rd6 Qb7 34.
Qh5 Qe7 35. Rd7 Qf8 36. Qd1 Re8 37. Qd5 Re7 38. Rd6 Re8 39. h4 Kh8 40. h5 Qg8
41. Rd7 Bf8 42. Qb7 Bg7 43. Rxf7 Rb8 44. Qc7 Rf8 45. Rd7 Rc8 46. Qa7 Ra8 47.
Qxc5 Rc8 48. Qd6 Qf8 49. Qe6 Rd8 50. Rxd8 Qxd8 51. c5 Bf8 52. Qf7 Qe7 53. Qg6
Qg7 54. c6 Qe7 55. Kh3 Qc7 56. Qxf6+ Bg7 57. Qg6 Bf8 58. Be6 1-0

[Event "Tradewise Gibraltar Masters 14th"]
[Site "Gibraltar"]
[Date "2016.01.30"]
[Round "5.46"]
[White "Tan, Justin"]
[Black "De Haan, Eric"]
[Result "1-0"]
[WhiteElo "2446"]
[BlackElo "2313"]
[PlyCount "73"]
[EventDate "2016.01.26"]
[EventType "swiss"]
[EventRounds "10"]
[EventCountry "GGB"]
[Source "www.saund.co.uk"]
[SourceDate "2005.02.07"]

1. e4 c5 2. Nf3 e6 3. d4 cxd4 4. Nxd4 Nc6 5. Nc3 Qc7 6. Be3 a6 7. Qd2 Nf6 8.
O-O-O Be7 9. f3 b5 10. Kb1 O-O 11. Qf2 Bb7 12. Nb3 Rac8 13. g4 b4 14. Bb6 Qf4
15. Ne2 Qe5 16. g5 Qxg5 17. Be3 Qe5 18. Bf4 Qh5 19. h4 Nxe4 20. fxe4 e5 21. Bc1
Nd4 22. Nexd4 Qxd1 23. Bg2 Qxh1 24. Bxh1 exd4 25. Nxd4 Bc5 26. Be3 f5 27. Nxf5
Bxe3 28. Qxe3 Rxf5 29. exf5 Bxh1 30. f6 Rf8 31. Qg1 Rxf6 32. Qxh1 Rf5 33. b3 a5
34. Qe4 g6 35. Qe7 Rd5 36. Kc1 h5 37. Qf6 1-0

[Event "Tradewise Gibraltar Masters 14th"]
[Site "Gibraltar"]
[Date "2016.01.30"]
[Round "5.47"]
[White "Short, Nigel D"]
[Black "Gara, Anita"]
[Result "1-0"]
[WhiteElo "2684"]
[BlackElo "2339"]
[PlyCount "107"]
[EventDate "2016.01.26"]
[EventType "swiss"]
[EventRounds "10"]
[EventCountry "GGB"]
[Source "www.saund.co.uk"]
[SourceDate "2005.02.07"]

1. d4 d5 2. c4 e6 3. Nf3 c5 4. cxd5 exd5 5. Nc3 Nc6 6. dxc5 d4 7. Na4 Bxc5 8.
Nxc5 Qa5+ 9. Bd2 Qxc5 10. Rc1 Qb6 11. e3 Nf6 12. Bc4 dxe3 13. Bxe3 Qb4+ 14. Qd2
Qxd2+ 15. Kxd2 O-O 16. Rhd1 Be6 17. Bxe6 fxe6 18. Ke2 Nd5 19. Ng5 Rfe8 20. a3
Rad8 21. Ne4 h6 22. b4 Rd7 23. Nc5 Rde7 24. Rd2 Ne5 25. Bd4 Nc6 26. Bb2 Rd8 27.
g3 e5 28. Rcd1 Nd4+ 29. Kf1 b6 30. Ne4 Nc7 31. f4 Rf8 32. Nd6 Nce6 33. Kg2 Nc6
34. fxe5 Ng5 35. Re2 Rd8 36. Rdd2 Nf7 37. Nf5 Re6 38. Rxd8+ Ncxd8 39. b5 Nb7
40. Ne3 Nc5 41. Nd5 g5 42. Re3 Kf8 43. Bd4 Nb7 44. a4 Na5 45. Bc3 Nb7 46. Nc7
Re7 47. Bb4 Nc5 48. Na6 Nxa4 49. e6 Nd8 50. Re4 Nb2 51. Nb8 Nb7 52. Bxe7+ Kxe7
53. Nc6+ Ke8 54. Rd4 1-0

[Event "Tradewise Gibraltar Masters 14th"]
[Site "Gibraltar"]
[Date "2016.01.30"]
[Round "5.48"]
[White "Shachar, Ehud"]
[Black "Sutovsky, Emil"]
[Result "0-1"]
[WhiteElo "2353"]
[BlackElo "2647"]
[PlyCount "99"]
[EventDate "2016.01.26"]
[EventType "swiss"]
[EventRounds "10"]
[EventCountry "GGB"]
[Source "www.saund.co.uk"]
[SourceDate "2005.02.07"]

1. e4 c5 2. Nf3 Nc6 3. Bb5 g6 4. Bxc6 bxc6 5. O-O Bg7 6. Re1 Nh6 7. c3 O-O 8.
d4 cxd4 9. cxd4 d5 10. e5 f6 11. e6 Qd6 12. Qe2 c5 13. dxc5 Qxc5 14. Be3 Qc4
15. Qd2 Nf5 16. Na3 Qa6 17. Qxd5 Rb8 18. Qc5 Nxe3 19. Rxe3 f5 20. Qxe7 Rxb2 21.
Rae1 f4 22. Rb3 Re2 23. Rbb1 Rxe6 24. Rxe6 Bxe6 25. Rb7 Rf7 26. Rb8+ Bf8 27.
Qc5 Rf5 28. Qb4 Qe2 29. h4 Bd5 30. Nd4 Qd1+ 31. Kh2 a5 32. Qc5 Bxg2 33. Rxf8+
Rxf8 34. Kxg2 Qg4+ 35. Kf1 Qd1+ 36. Kg2 Qg4+ 37. Kf1 f3 38. Qc4+ Rf7 39. Nac2
Qg2+ 40. Ke1 Qg1+ 41. Kd2 Qxf2+ 42. Kc3 Qg3 43. Qc8+ Kg7 44. Ne6+ Kh6 45. Ne3
f2 46. Qc5 f1=Q 47. Qg5+ Qxg5 48. hxg5+ Kh5 49. Nxf1 Rxf1 50. Kc4 0-1

[Event "Tradewise Gibraltar Masters 14th"]
[Site "Gibraltar"]
[Date "2016.01.30"]
[Round "5.49"]
[White "Vuilleumier, Alexandre"]
[Black "Cramling, Pia"]
[Result "0-1"]
[WhiteElo "2356"]
[BlackElo "2523"]
[PlyCount "40"]
[EventDate "2016.01.26"]
[EventType "swiss"]
[EventRounds "10"]
[EventCountry "GGB"]
[Source "www.saund.co.uk"]
[SourceDate "2005.02.07"]

1. e4 c5 2. Nf3 Nc6 3. Bb5 e6 4. O-O Nge7 5. Re1 Nd4 6. Nxd4 cxd4 7. c3 Nc6 8.
Qg4 h5 9. Qg3 h4 10. Qd3 Bc5 11. e5 h3 12. b4 Bb6 13. g3 d6 14. Bb2 dxe5 15.
Bxc6+ bxc6 16. Rxe5 f6 17. Qg6+ Kf8 18. Rh5 Rxh5 19. Qxh5 dxc3 20. dxc3 Ba6 0-1

[Event "Tradewise Gibraltar Masters 14th"]
[Site "Gibraltar"]
[Date "2016.01.30"]
[Round "5.50"]
[White "Arakhamia-Grant, Ketevan"]
[Black "Pichot, Alan"]
[Result "0-1"]
[WhiteElo "2346"]
[BlackElo "2517"]
[PlyCount "64"]
[EventDate "2016.01.26"]
[EventType "swiss"]
[EventRounds "10"]
[EventCountry "GGB"]
[Source "www.saund.co.uk"]
[SourceDate "2005.02.07"]

1. e4 c5 2. Nf3 e6 3. d4 cxd4 4. Nxd4 a6 5. Bd3 Bc5 6. Nb3 Be7 7. O-O d6 8. f4
Nc6 9. Nc3 Nf6 10. Be3 d5 11. e5 d4 12. Nxd4 Nxd4 13. exf6 Bxf6 14. Ne4 Be7 15.
Bxa6 bxa6 16. Qxd4 Qxd4 17. Bxd4 Bb7 18. Rfe1 Rc8 19. Bxg7 Rg8 20. Bc3 Rc4 21.
Ng3 h5 22. f5 h4 23. fxe6 hxg3 24. exf7+ Kxf7 25. hxg3 Bc5+ 26. Kf1 Rxg3 27.
Re5 Rxg2 28. Rd1 Rf4+ 29. Ke1 Bf2+ 30. Kd2 Bd4+ 31. Re2 Rxe2+ 32. Kxe2 Bf3+ 0-1

[Event "Tradewise Gibraltar Masters 14th"]
[Site "Gibraltar"]
[Date "2016.01.30"]
[Round "5.51"]
[White "Zhao Xue"]
[Black "Bach, Matthias"]
[Result "1-0"]
[WhiteElo "2506"]
[BlackElo "2301"]
[PlyCount "65"]
[EventDate "2016.01.26"]
[EventType "swiss"]
[EventRounds "10"]
[EventCountry "GGB"]
[Source "www.saund.co.uk"]
[SourceDate "2005.02.07"]

1. d4 Nf6 2. c4 g6 3. Nc3 Bg7 4. e4 d6 5. Nf3 O-O 6. Be2 Na6 7. O-O e5 8. Be3
Ng4 9. Bg5 Qe8 10. dxe5 Nxe5 11. Nd4 Nc6 12. Ndb5 f5 13. exf5 Bxf5 14. Qd2 Qd7
15. Be3 Kh8 16. Rad1 b6 17. Nd5 Rac8 18. b4 Nab8 19. a3 Rf7 20. Rfe1 Qd8 21. h3
Nd7 22. Bg5 Nf6 23. Bf1 a6 24. Nbc3 Ne5 25. f4 Nc6 26. Nxf6 Bxf6 27. Qd5 Qd7
28. Bxf6+ Rxf6 29. c5 h5 30. Qf3 Ne7 31. g4 Be6 32. Ne4 Rff8 33. Qc3+ 1-0

[Event "Tradewise Gibraltar Masters 14th"]
[Site "Gibraltar"]
[Date "2016.01.30"]
[Round "5.52"]
[White "Perez Garcia, Rodney Oscar"]
[Black "Fodor, Tamas Jr"]
[Result "1/2-1/2"]
[WhiteElo "2332"]
[BlackElo "2500"]
[PlyCount "76"]
[EventDate "2016.01.26"]
[EventType "swiss"]
[EventRounds "10"]
[EventCountry "GGB"]
[Source "www.saund.co.uk"]
[SourceDate "2005.02.07"]

1. e4 e6 2. d4 d5 3. Nd2 Be7 4. Ngf3 Nf6 5. Bd3 c5 6. dxc5 O-O 7. O-O a5 8.
exd5 exd5 9. Nb3 Nbd7 10. Re1 a4 11. c6 bxc6 12. Nbd4 Bb7 13. c4 Bb4 14. Bd2
Bxd2 15. Qxd2 Nc5 16. Rad1 Nxd3 17. Qxd3 c5 18. Nf5 d4 19. Ne7+ Kh8 20. Ng5 h6
21. Qf5 Qd6 22. Re5 Rae8 23. Rde1 hxg5 24. Qxg5 Rxe7 25. Rxe7 Ba8 26. R1e6 Qxe6
27. Rxe6 fxe6 28. Qxc5 Rb8 29. Qxd4 Be4 30. Qc3 Rd8 31. h3 Bc6 32. b4 axb3 33.
axb3 Rd1+ 34. Kh2 Ne4 35. Qe3 Nd2 36. Qxe6 Nf1+ 37. Kg1 Ne3+ 38. Kh2 Nf1+
1/2-1/2

[Event "Tradewise Gibraltar Masters 14th"]
[Site "Gibraltar"]
[Date "2016.01.30"]
[Round "5.53"]
[White "Mihajlov, Sebastian"]
[Black "Blomqvist, Erik"]
[Result "1-0"]
[WhiteElo "2335"]
[BlackElo "2492"]
[PlyCount "105"]
[EventDate "2016.01.26"]
[EventType "swiss"]
[EventRounds "10"]
[EventCountry "GGB"]
[Source "www.saund.co.uk"]
[SourceDate "2005.02.07"]

1. d4 Nf6 2. c4 e6 3. Nf3 b6 4. a3 Ba6 5. Qc2 Bb7 6. Nc3 c5 7. e4 cxd4 8. Nxd4
Bc5 9. Nb3 Nc6 10. Nxc5 bxc5 11. Bd3 d6 12. O-O O-O 13. Rb1 a5 14. Nb5 e5 15.
Bg5 h6 16. Bh4 g5 17. Bg3 Kg7 18. Nc3 Nd4 19. Qd1 Bc6 20. h4 Rb8 21. f3 Nh5 22.
Bh2 Rg8 23. hxg5 hxg5 24. g3 Rh8 25. Ne2 Qd7 26. Nxd4 cxd4 27. Rf2 a4 28. Rg2
Kf6 29. c5 dxc5 30. Rc1 Ng7 31. f4 Ne6 32. f5 Nd8 33. Rxc5 Nb7 34. Rc1 Kg7 35.
Rgc2 Rbc8 36. f6+ Kxf6 37. g4 Nd6 38. Rc5 Rxh2 39. Kxh2 Rh8+ 40. Kg2 Bb7 41.
Qf3+ Kg6 42. Rxe5 Rh4 43. Kg3 Qd8 44. Rcc5 f6 45. Re6 Kf7 46. Rc7+ Kxe6 47.
Bc4+ Bd5 48. Bxd5+ Ke5 49. Rg7 f5 50. exf5 Qb8 51. Rxg5 Ne4+ 52. Bxe4 Kf6+ 53.
Kxh4 1-0

[Event "Tradewise Gibraltar Masters 14th"]
[Site "Gibraltar"]
[Date "2016.01.30"]
[Round "5.54"]
[White "Tarjan, James E"]
[Black "Bergstrom, Rolf"]
[Result "1-0"]
[WhiteElo "2478"]
[BlackElo "2297"]
[PlyCount "123"]
[EventDate "2016.01.26"]
[EventType "swiss"]
[EventRounds "10"]
[EventCountry "GGB"]
[Source "www.saund.co.uk"]
[SourceDate "2005.02.07"]

1. d4 Nf6 2. c4 e6 3. Nf3 Bb4+ 4. Nbd2 b6 5. a3 Bxd2+ 6. Qxd2 Bb7 7. e3 d6 8.
b3 Nbd7 9. Bb2 Qe7 10. Be2 O-O 11. Qc2 c5 12. O-O Rac8 13. Rfd1 cxd4 14. Nxd4
d5 15. Qd2 Rfd8 16. cxd5 Nxd5 17. Rac1 a6 18. Rxc8 Rxc8 19. e4 N5f6 20. f3 Ne5
21. Rc1 Rxc1+ 22. Qxc1 h6 23. Qc3 Ng6 24. Nc2 Qd8 25. Ne3 Ne8 26. Qd4 Qc7 27.
Bf1 b5 28. Ng4 Qc2 29. Qc3 Qxc3 30. Bxc3 f6 31. Nf2 Kf7 32. Nd3 Bc8 33. Nc5 Nd6
34. Kf2 Ne5 35. Ke3 Ke7 36. Be2 Nc6 37. f4 g6 38. e5 fxe5 39. fxe5 Nf7 40. Kf4
Kd8 41. Bg4 Ke7 42. b4 Nfd8 43. Ke4 Kf7 44. Bd2 Kg7 45. Be1 Kf7 46. Bh4 Ne7 47.
Bd1 Ndc6 48. Bb3 Nf5 49. Be1 Nfe7 50. Bd2 Ng8 51. g3 Ke7 52. Bd1 Kf7 53. Be2
Nb8 54. Bd1 Nc6 55. Bf3 Ke7 56. a4 bxa4 57. Nxa4 Nb8 58. Kd4 Bd7 59. Nc5 Bb5
60. Bb7 Bf1 61. h4 Be2 62. Bc8 1-0

[Event "Tradewise Gibraltar Masters 14th"]
[Site "Gibraltar"]
[Date "2016.01.30"]
[Round "5.55"]
[White "Papp, Petra"]
[Black "Xu, Xiangyu"]
[Result "1/2-1/2"]
[WhiteElo "2308"]
[BlackElo "2466"]
[PlyCount "85"]
[EventDate "2016.01.26"]
[EventType "swiss"]
[EventRounds "10"]
[EventCountry "GGB"]
[Source "www.saund.co.uk"]
[SourceDate "2005.02.07"]

1. e4 c5 2. Nf3 d6 3. d4 cxd4 4. Nxd4 Nf6 5. Nc3 Nc6 6. Bg5 e6 7. Qd2 a6 8.
O-O-O Bd7 9. f4 b5 10. Bxf6 gxf6 11. Kb1 Qb6 12. Nxc6 Bxc6 13. Bd3 Qc5 14. f5
O-O-O 15. Rhf1 Be7 16. fxe6 fxe6 17. Ne2 Qe5 18. Nf4 Kb7 19. Rfe1 Bf8 20. g3
Bh6 21. Qf2 Rhf8 22. Bf1 Bxf4 23. gxf4 Qh5 24. Bg2 Rd7 25. Bf3 Qc5 26. Qxc5
dxc5 27. Rxd7+ Bxd7 28. Kc1 Bc6 29. Kd2 Rg8 30. Ke3 Kc7 31. Rd1 e5 32. Rf1 Bd7
33. c3 Be6 34. b4 exf4+ 35. Kxf4 Rd8 36. Rf2 Rd3 37. Rc2 cxb4 38. cxb4+ Kd6 39.
Rg2 Ra3 40. Rg7 a5 41. bxa5 Rxa5 42. Rxh7 Rxa2 43. Rb7 1/2-1/2

[Event "Tradewise Gibraltar Masters 14th"]
[Site "Gibraltar"]
[Date "2016.01.30"]
[Round "5.56"]
[White "Kashlinskaya, Alina"]
[Black "Watson, John L"]
[Result "1-0"]
[WhiteElo "2462"]
[BlackElo "2277"]
[PlyCount "69"]
[EventDate "2016.01.26"]
[EventType "swiss"]
[EventRounds "10"]
[EventCountry "GGB"]
[Source "www.saund.co.uk"]
[SourceDate "2005.02.07"]

1. d4 Nf6 2. c4 e6 3. Nc3 Bb4 4. Qc2 d5 5. cxd5 exd5 6. Bg5 h6 7. Bh4 c5 8.
dxc5 O-O 9. e3 Be6 10. Bd3 Nbd7 11. a3 Bxc5 12. Nge2 Bd6 13. h3 Rc8 14. O-O Nc5
15. Rad1 Kh8 16. Qb1 Qe7 17. Bc2 Rfd8 18. b4 Ncd7 19. Nxd5 Bxd5 20. Rxd5 g5 21.
Rxd6 Qxd6 22. Bg3 Qa6 23. Nd4 Nh5 24. Bh2 Ng7 25. Bb3 Rf8 26. Rd1 Nf6 27. Nf5
Nxf5 28. Qxf5 Rfd8 29. Rxd8+ Rxd8 30. Bc7 Rd6 31. Bxd6 Qxd6 32. Bxf7 Qd1+ 33.
Kh2 Qd6+ 34. g3 Kg7 35. Bb3 1-0

[Event "Tradewise Gibraltar Masters 14th"]
[Site "Gibraltar"]
[Date "2016.01.30"]
[Round "5.57"]
[White "Plotkin, Victor"]
[Black "Carlstedt, Jonathan"]
[Result "0-1"]
[WhiteElo "2291"]
[BlackElo "2461"]
[PlyCount "170"]
[EventDate "2016.01.26"]
[EventType "swiss"]
[EventRounds "10"]
[EventCountry "GGB"]
[Source "www.saund.co.uk"]
[SourceDate "2005.02.07"]

1. e4 e5 2. Nf3 Nc6 3. Bc4 Nf6 4. d3 Bc5 5. Nc3 h6 6. O-O d6 7. Na4 Bg4 8. c3
Qe7 9. Qe2 Nh5 10. Nxc5 dxc5 11. h3 Bd7 12. Nxe5 Nxe5 13. Qxh5 b5 14. Bb3 c4
15. dxc4 bxc4 16. Bc2 O-O 17. Qe2 Bb5 18. b4 Rfe8 19. Be3 Nd3 20. Bd4 Qxe4 21.
Qxe4 Rxe4 22. a4 Bd7 23. Rfd1 Rxd4 24. cxd4 Nxb4 25. Be4 Re8 26. Bf3 c3 27. a5
c2 28. Rdc1 Bf5 29. Ra3 Rd8 30. d5 Nxd5 31. Bxd5 Rxd5 32. Kh2 Rd1 33. Raa1 Rd2
34. Kg3 Rd3+ 35. Kh2 Rb3 36. Ra2 c5 37. Raxc2 Bxc2 38. Rxc2 Rb5 39. Ra2 Kf8 40.
Kg3 Ke7 41. Kf4 Kd6 42. Ke4 Kc6 43. Kd3 Rb3+ 44. Kc4 Rb4+ 45. Kc3 Kb5 46. Re2
Rc4+ 47. Kd3 Rd4+ 48. Kc3 Rd7 49. Rb2+ Kxa5 50. Kc4 Rc7 51. g3 Ka6 52. Rb5 Rc6
53. Rb2 Rc7 54. Rb5 Re7 55. Rxc5 Re2 56. Rf5 f6 57. Rd5 Rc2+ 58. Kb4 Kb6 59.
Rd6+ Kc7 60. Ra6 Kb7 61. Re6 Rc6 62. Re7+ Rc7 63. Re6 Kc8 64. h4 Kd7 65. Ra6
Ke8 66. Kb3 Kf7 67. h5 Kf8 68. Ra5 Re7 69. Ra2 Re5 70. Rxa7 Rxh5 71. Kc4 Re5
72. Kd3 h5 73. Rb7 Kg8 74. Ra7 Kh7 75. Rb7 Kh6 76. Ra7 Re8 77. Ra5 g6 78. Rb5
f5 79. Rb6 Kg7 80. Ra6 Kf7 81. Ra7+ Re7 82. Rxe7+ Kxe7 83. f4 Kd7 84. Ke3 Kc6
85. Kd2 Kd6 0-1

[Event "Tradewise Gibraltar Masters 14th"]
[Site "Gibraltar"]
[Date "2016.01.30"]
[Round "5.58"]
[White "Salomon, Johan"]
[Black "Vea, Odin Blikra"]
[Result "1-0"]
[WhiteElo "2444"]
[BlackElo "2271"]
[PlyCount "91"]
[EventDate "2016.01.26"]
[EventType "swiss"]
[EventRounds "10"]
[EventCountry "GGB"]
[Source "www.saund.co.uk"]
[SourceDate "2005.02.07"]

1. d4 d5 2. Nf3 Nc6 3. g3 Nf6 4. Bg2 e6 5. O-O Bd6 6. c4 O-O 7. b3 Re8 8. Bb2
a6 9. Nbd2 b6 10. Qc2 Bb7 11. a3 e5 12. e3 exd4 13. exd4 Bf8 14. Rad1 Qd6 15.
Ne5 Ne7 16. Ndf3 Ne4 17. cxd5 Bxd5 18. Rfe1 f5 19. Nc4 Qc6 20. Nfe5 Qe6 21. Nd3
Qc6 22. Nb4 Qg6 23. Nxd5 Nxd5 24. Ne5 Qe6 25. Bxe4 fxe4 26. Qxe4 Rad8 27. Qf3
Qf6 28. Kg2 Re6 29. Qg4 Red6 30. Rd3 Qe6 31. Qd1 Nf6 32. Nc4 Qd5+ 33. Qf3 Rc6
34. Re5 Qxf3+ 35. Kxf3 g6 36. d5 Rc5 37. d6 Rc6 38. Ree3 Nh5 39. d7 Nf6 40.
Bxf6 Rxf6+ 41. Kg2 Rf7 42. Ne5 Rg7 43. Ng4 Re7 44. Nf6+ Kg7 45. Ne8+ Kh8 46.
Rxe7 1-0

[Event "Tradewise Gibraltar Masters 14th"]
[Site "Gibraltar"]
[Date "2016.01.30"]
[Round "5.59"]
[White "Stark, Lars"]
[Black "Sanchez Jerez, Emilio Miguel"]
[Result "1-0"]
[WhiteElo "2440"]
[BlackElo "2265"]
[PlyCount "47"]
[EventDate "2016.01.26"]
[EventType "swiss"]
[EventRounds "10"]
[EventCountry "GGB"]
[Source "www.saund.co.uk"]
[SourceDate "2005.02.07"]

1. c4 Nf6 2. g3 g6 3. Bg2 Bg7 4. Nc3 O-O 5. d3 d6 6. Bg5 h6 7. Bd2 Nc6 8. e3 e5
9. Nge2 Nd7 10. Nd5 a5 11. O-O Nc5 12. d4 Ne6 13. Bc3 Nb8 14. Qb3 Nd7 15. dxe5
dxe5 16. Qa3 Re8 17. Bb4 axb4 18. Qxa8 Ndc5 19. Qa5 Na6 20. Rad1 Bf8 21. Nxb4
Bxb4 22. Rxd8 Nxd8 23. Qa4 c6 24. a3 1-0

[Event "Tradewise Gibraltar Masters 14th"]
[Site "Gibraltar"]
[Date "2016.01.30"]
[Round "5.60"]
[White "Ripari, Marcelo"]
[Black "Kollars, Dmitrij"]
[Result "0-1"]
[WhiteElo "2310"]
[BlackElo "2436"]
[PlyCount "90"]
[EventDate "2016.01.26"]
[EventType "swiss"]
[EventRounds "10"]
[EventCountry "GGB"]
[Source "www.saund.co.uk"]
[SourceDate "2005.02.07"]

1. e4 c5 2. Nf3 d6 3. Bb5+ Nd7 4. O-O a6 5. Bd3 Ngf6 6. Re1 b5 7. c3 Bb7 8. Bc2
e5 9. d3 Be7 10. Nbd2 O-O 11. Nf1 Re8 12. h3 Bf8 13. Bg5 h6 14. Bxf6 Nxf6 15.
N3h2 d5 16. Qf3 c4 17. Ng3 d4 18. Rad1 Qb6 19. cxd4 exd4 20. b3 c3 21. Re2 g6
22. Ng4 Nxg4 23. Qxg4 Qe6 24. Qxe6 Rxe6 25. f4 Rae8 26. Rde1 Be7 27. Nf1 b4 28.
Kf2 Bd6 29. g3 g5 30. e5 Bc7 31. Nh2 f6 32. exf6 Rxe2+ 33. Rxe2 Rxe2+ 34. Kxe2
gxf4 35. gxf4 Bc8 36. h4 Bd8 37. Kf3 h5 38. Ke4 Bxf6 39. Nf3 Bb7+ 40. Kf5 Kg7
41. Ng5 Bc8+ 42. Ke4 Bg4 43. Kd5 Kg6 44. Ke4 a5 45. Kd5 Kf5 0-1